000
00465nam a2200181Ia 4500
008
090124s9999 xx 000 0 und d
082
_b
132303
100
_a
भट अविनाश
245
_a
ग्लोरिया
250
_a
1
260
_c
2002
300
_a
160
600
_a
भट अविनाश
630
_a
ग्लोरिया
700
_a
भट अविनाश
730
_a
ग्लोरिया
942
_c
BOOK
999
_c
178392
_d
178392